000 00371 a2200169 4500
001 183144
020 _a85-85672-98-6
040 _cMagnum
100 _aLima, Ebe Maria de
240 1 0 _aLiteratura sem fronteiras
_lpor
245 1 0 _aLiteratura sem fronteiras
300 _a127
362 0 _a1998
440 1 _aMiguilim
697 _aLITERATURA GERAL
942 _cBK
999 _c183144
_d183144